| 000 | 00522nam a22002057a 4500 | ||
|---|---|---|---|
| 003 | Nust | ||
| 005 | 20220829122356.0 | ||
| 008 | 170126b xxu||||| |||| 00| 0 eng d | ||
| 020 | _a9780552154475 | ||
| 040 | _cNust | ||
| 082 |
_a823 _bCOR |
||
| 100 |
_a Cordy, Michael _998587 |
||
| 245 |
_aThe Lucifer Code / _cMichael Cordy |
||
| 260 |
_aLondon: _bCorgi books, _c2006. |
||
| 300 | _a443 p. | ||
| 650 |
_aGood and evil _932108 |
||
| 650 | _aEnglish fiction | ||
| 650 |
_aSuspense fiction _911676 |
||
| 942 |
_2ddc _cBK |
||
| 999 |
_c174459 _d174459 |
||